Flesh and fish blood : (Record no. 95155)

MARC details
000 -LEADER
fixed length control field 00585nam a22001937a 4500
005 - DATE AND TIME OF LATEST TRANSACTION
control field 20150810125824.0
010 ## - LCCN (DPL NO)
LC control number ENG-113583
020 ## - INTERNATIONAL STANDARD BOOK NUMBER
International Standard Book Number 9788125049883
Terms of availability 495.00
035 ## - SYSTEM CONTROL NUMBER
System control number EN-97115
037 ## - SOURCE OF ACQUISITION
Source of stock number/acquisition DBAD/PUB
082 ## - DEWEY DECIMAL CLASSIFICATION NUMBER
Classification number 891.4
100 ## - MAIN ENTRY--PERSONAL NAME
Personal name Shankar, S.
245 ## - TITLE STATEMENT
Title Flesh and fish blood :
Statement of responsibility, etc by S. Shankar
Remainder of title postcolonialism, translation and the vernacular /
260 ## - PUBLICATION, DISTRIBUTION, ETC. (IMPRINT)
Place of publication, distribution, etc New Delhi
Name of publisher, distributor, etc Orient Blackswan
Date of publication, distribution, etc 2013
270 ## - ADDRESS
Address 1/24, Asaf Ali Road
City New Delhi
Postal code 110002
300 ## - PHYSICAL DESCRIPTION
Extent xviii,185p.
Dimensions 22cm(Hb)
500 ## - GENERAL NOTE
General note Includes index
942 ## - ADDED ENTRY ELEMENTS (KOHA)
Source of classification or shelving scheme Dewey Decimal Classification
Item type English Books
Call number suffix SHA
Classification part 891.4
Holdings
Withdrawn status Lost status Not for loan Collection code Home library Current library Date acquired Source of acquisition Cost, normal purchase price Full call number Barcode Copy number Cost, replacement price Koha item type
    Not For Loan Non-fiction D.B.Act.Division D.B.Act.Division 21/07/2015 DBAD/PUB 495.00 891.4 SHA EN-97115 1 495.00 English Books

© Delhi Public Library
Hit Counter
free hit counter